Deploying ACI : The complete guide to planning, configuring, and managing Application Centric Infrastructure /

Use ACI fabrics to drive unprecedented value from your data center environment With the Cisco Application Centric Infrastructure (ACI) software-defined networking platform, you can achieve dramatic improvements in data center performance, redundancy, security, visibility, efficiency, and agility. In...

Full description

Bibliographic Details
Main Authors: Dagenhardt, Frank (Author), Moreno, José (Author), Dufresne, Bill (Author)
Corporate Author: Safari, an O'Reilly Media Company
Format: eBook
Language:English
Published: Cisco Press, 2018.
Edition:1st edition.
Subjects:
Online Access:Connect to this electronic resource

MARC

Tag First Indicator Second Indicator Subfields
LEADER 00000uam a2200000 a 4500
001 in00004100191
005 20260128185656.8
006 m o d
007 cr cn
008 231217s2018 xx o eng
020 |z 9780134661063 
020 |z 9781587144745 
035 |a (CaSebORM)9780134661063 
040 |d UtOrBLW 
041 0 |a eng 
100 1 |a Dagenhardt, Frank,  |e author.  |0 http://id.loc.gov/authorities/names/n2020039140 
245 1 0 |a Deploying ACI :  |b The complete guide to planning, configuring, and managing Application Centric Infrastructure /  |c Dagenhardt, Frank. 
250 |a 1st edition. 
264 1 |b Cisco Press,  |c 2018. 
300 |a 1 online resource (704 pages) 
336 |a text  |b txt  |2 rdacontent 
337 |a computer  |b c  |2 rdamedia 
338 |a online resource  |b cr  |2 rdacarrier 
347 |a text file 
520 |a Use ACI fabrics to drive unprecedented value from your data center environment With the Cisco Application Centric Infrastructure (ACI) software-defined networking platform, you can achieve dramatic improvements in data center performance, redundancy, security, visibility, efficiency, and agility. In Deploying ACI , three leading Cisco experts introduce this breakthrough platform, and walk network professionals through all facets of design, deployment, and operation. The authors demonstrate how ACI changes data center networking, security, and management; and offer multiple field-proven configurations. Deploying ACI is organized to follow the key decision points associated with implementing data center network fabrics. After a practical introduction to ACI concepts and design, the authors show how to bring your fabric online, integrate virtualization and external connections, and efficiently manage your ACI network. You'll master new techniques for improving visibility, control, and availability; managing multitenancy; and seamlessly inserting service devices into application data flows. The authors conclude with expert advice for troubleshooting and automation, helping you deliver data center services with unprecedented efficiency. Understand the problems ACI solves,and how it solves them Design your ACI fabric, build it, and interface with devices to bring it to life Integrate virtualization technologieswith your ACI fabric Perform networking within an ACI fabric (and understand how ACI changes data center networking) Connect external networks and devices at Layer 2/Layer 3 levels Coherently manage unified ACI networks with tenants and application policies Migrate to granular policies based on applications and their functions Establish multitenancy, and evolve networking, security, and services to support it Integrate L4-7 services: device types, design scenarios, and implementation Use multisite designs to meet rigorous requirements for redundancy and business continuity Troubleshoot and monitor ACI fabrics Improve operational efficiency through automation and programmability 
533 |a Electronic reproduction.  |b Boston, MA :  |c Safari,  |n Available via World Wide Web.  |d 2018. 
538 |a Mode of access: World Wide Web. 
542 |f © 2018 Cisco Press  |g 2018 
588 |a Online resource; Title from title page (viewed January 10, 2018) 
500 |a Electronic resource. 
650 0 |a Cloud computing.  |0 http://id.loc.gov/authorities/subjects/sh2008004883 
655 7 |a Electronic books.  |2 local 
700 1 |a Moreno, José,  |e author.  |0 http://id.loc.gov/authorities/names/n95081889 
700 1 |a Dufresne, Bill,  |e author. 
710 2 |a Safari, an O'Reilly Media Company. 
856 4 0 |u https://proxy.library.tamu.edu/login?url=https://go.oreilly.com/TAMU/library/view/-/9780134661063/?ar  |z Connect to this electronic resource  |t 0 
999 f f |s 5debcb29-3929-3ad9-854b-80321e5151a6  |i b3dc5ccb-dda1-323c-a941-a81f2a45ab68  |t 0 
952 f f |a Texas A&M University  |b College Station  |c Electronic Resources  |s www_evans  |d Available Online  |t 0  |h No information provided 
998 f f |t 0  |l Available Online